FrontPage 98 for Windows /

Saved in:
書目詳細資料
主要作者: Davis, Phyllis, 1963-
其他作者: Craig, Deborah
格式: 圖書
語言:English
出版: Berkeley, Calif. : Peachpit Press, c1998.
叢編:Visual quickstart guide
主題:
LEADER 01943cam a2200385 a 4500
001 c000396762
003 CARM
005 20140318122717.0
008 140318s1998 caua b 001 0 eng d
010 |a 98191006 
019 1 |a 14062431  |5 LACONCORD2021 
020 |a 0201696940 (pbk.) 
035 |a (OCoLC)39551838  |5 LACONCORD2021 
040 |a GLGS  |b eng  |c GLGS  |d DLC  |d OrLoB-B  |d GLGS 
042 |a lccopycat 
050 0 0 |a TK5105.8885.M53  |b D383 1998 
082 0 4 |a 005.72  |2 21 
100 1 |a Davis, Phyllis,  |d 1963- 
245 1 0 |a FrontPage 98 for Windows /  |c Phyllis Davis and Deborah Craig. 
246 3 4 |a FrontPage for Windows 98 
260 |a Berkeley, Calif. :  |b Peachpit Press,  |c c1998. 
300 |a xiii, 338 p. :  |b ill. ;  |c 23 cm. 
490 1 |a Visual quickstart guide 
504 |a Includes bibliographical references (p. 329-330) and index. 
505 0 |a Ch. 1. The Basics -- Ch. 2. Web Concepts -- Ch. 3. Principles of Good Web Design -- Ch. 4. Installing FrontPage 98 -- Ch. 5. Getting Started with Explorer -- Ch. 6. Using FrontPage Editor -- Ch. 7. Working with Text -- Ch. 8. Fun with Text -- Ch. 9. Formatting Paragraphs -- Ch. 10. Fun with Graphics -- Ch. 11. Multimedia -- Ch. 12. Tables Made Easy -- Ch. 13. Using Tasks View -- Ch. 14. Navigating Your Web Pages -- Ch. 15. Using Frames -- Ch. 16. Web Site Administration -- Ch. 17. FrontPage Components -- Ch. 18. Forms and User Input -- Ch. 19. Publishing and Testing Your Site. 
630 0 0 |a Microsoft FrontPage 
650 0 |a Web sites  |x Design. 
650 0 |a Web publishing. 
700 1 |a Craig, Deborah. 
852 8 |b CARM  |p 0601555  |f BK 
852 8 |b SCAN  |h A3:AH16D0  |i F08794  |p 0601555  |f BK 
830 0 |a Visual quickstart guide 
999 f f |i b49cbc73-7876-5a81-9702-e69fb620636b  |s eb811411-0232-5e38-8fd1-f795862548b2 
952 f f |p Can circulate  |a CAVAL  |b CAVAL  |c CAVAL  |d CARM 1 Store  |i book  |m 0601555 
952 f f |a CAVAL  |b CAVAL  |c CAVAL  |d Unmapped Location  |e F08794  |f A3:AH16D0  |h Other scheme